000 00645nam a2200277Ia 4500
005 20260324125910.0
008 008 260324s9999 xx 000 0 eng d
020 _a9781138400108
037 _aEBOOK
040 _aCRL
040 _beng
040 _cCRL
041 _2eng
041 _aeng
084 _qCRL
100 _aF. A. Hayek; Lawrence H. White
_91179755
245 4 _aThe Pure Theory of Capital
260 _bTaylor and Francis
260 _c2008
365 _a
365 _b240
856 _uhttp://www.taylorfrancis.com/books/9781138400108
942 _cEBOOK
999 _c1775405
_d1775405